000 00652nam a22001935i 4500
001 158330
003 ES-MaACL
005 20230906211111.0
008 040830s1865 gw |||| | eng d
040 _aCAM
_bspa
_cCAM
100 1 _aMacDonald, George (
_d1824-1905)
_975110
245 1 0 _aAlec Forbes of Howglen /
_cby George Mac Donald.
260 _aLeipzig :
_bBernhard Tauchnitz,
_c1865.
300 _a2 v. (339; 335 p.) ;
_c16 cm.
490 1 _aCollection of british authors ;
_v801; 802
830 0 _aCollection of british authors ;
_v801; 802
_9180703
852 _aES-MaACL
_jG-12645
_z-- Enc. hol.
_z-- 2 t. en 1 v.
999 _c158330
_d158330